[Event "XXIII Miedzynarodowy Festiwal Szachowy C"]
[Site "Krakow, Hotel Galaxy  ul. Gesi"]
[Date "2013.01.04"]
[Round "9.29"]
[White "Gregulski, Zbigniew"]
[Black "Wilk, Maciej"]
[Result "1/2-1/2"]
[WhiteElo "1841"]
[BlackElo "1646"]
[PlyCount "110"]
[EventDate "2013.??.??"]

1. d4 d5 2. c4 c6 3. Nf3 e6 4. Nc3 dxc4 5. e4 b5 6. a4 Bb4 7. Be2 Nf6 8. Qc2
Bb7 9. O-O a6 10. Bg5 Be7 11. e5 Nd5 12. Ne4 O-O 13. Bxe7 Qxe7 14. Nfg5 f5 15.
exf6 gxf6 16. Nh3 Nd7 17. Rfe1 c5 18. dxc5 Nxc5 19. Nxc5 Qxc5 20. Qe4 Rae8 21.
Bh5 Re7 22. Qg4+ Kh8 23. Qh4 Rg7 24. Bf3 e5 25. g3 Nb4 26. Bxb7 Rxb7 27. axb5
axb5 28. Re3 Nc2 29. Qe4 Nxe3 30. Qxb7 Qd5 31. Qxd5 Nxd5 32. Rd1 Nb4 33. f4 Nd3
34. Rd2 exf4 35. Nxf4 Nxf4 36. gxf4 Kg7 37. Kf2 b4 38. Kf3 c3 39. bxc3 bxc3 40.
Rc2 Rc8 41. Ke4 Rc4+ 42. Kd3 Rxf4 43. Kxc3 h5 44. Kd3 Kg6 45. Ke3 Rg4 46. Kf3
f5 47. Rc8 Rb4 48. Rg8+ Kf6 49. h3 h4 50. Rf8+ Ke5 51. Re8+ Kf6 52. Ra8 Ke7 53.
Rh8 Kd6 54. Rd8+ Ke5 55. Re8+ Kf6 1/2-1/2

[Event "XXIII Miedzynarodowy Festiwal Szachowy C"]
[Site "Krakow, Hotel Galaxy  ul. Gesi"]
[Date "2013.01.04"]
[Round "9.32"]
[White "Pietrucha, Jaroslaw"]
[Black "Carbonaro, Davide"]
[Result "1/2-1/2"]
[WhiteElo "1835"]
[BlackElo "1608"]
[PlyCount "53"]
[EventDate "2013.??.??"]

1. e4 e6 2. d4 d5 3. exd5 Qxd5 4. Nf3 Nf6 5. Bd3 Bb4+ 6. c3 Be7 7. O-O O-O 8.
Bf4 c6 9. Nbd2 Qd8 10. Qc2 Nbd7 11. Bg3 Re8 12. Rad1 Qa5 13. Nc4 Qh5 14. Rfe1
b5 15. Ncd2 Bb7 16. Ne5 Rad8 17. b4 a6 18. Ndf3 Qh6 19. Be4 Nxe5 20. Nxe5 Nxe4
21. Qxe4 Rd5 22. Rd3 f5 23. Qf3 c5 24. Rb1 c4 25. Rdd1 Ba8 26. Qe3 Qxe3 27.
fxe3 1/2-1/2

[Event "XXIII Miedzynarodowy Festiwal Szachowy C"]
[Site "Krakow, Hotel Galaxy  ul. Gesi"]
[Date "2013.01.04"]
[Round "9.33"]
[White "Kucharska, Honorata"]
[Black "Kudryavtsev, Mikhail"]
[Result "0-1"]
[WhiteElo "1558"]
[BlackElo "1834"]
[PlyCount "88"]
[EventDate "2013.??.??"]

1. e4 e5 2. Nf3 Nc6 3. Bb5 a6 4. Ba4 b5 5. Bb3 Be7 6. c3 Nf6 7. d3 O-O 8. O-O
d5 9. Qe2 dxe4 10. dxe4 Bb7 11. Rd1 Qc8 12. Bc2 Bc5 13. h3 Qe6 14. Be3 Qe7 15.
Nbd2 Rfd8 16. Nf1 Bb6 17. Ng3 Bxe3 18. Qxe3 Rxd1+ 19. Rxd1 Rd8 20. Rxd8+ Qxd8
21. Qc5 Qd6 22. Qxd6 cxd6 23. Nf5 Ne8 24. Nd2 g6 25. Ne3 Nc7 26. f3 Kf8 27. Kf2
Ke7 28. Ke2 Nd8 29. Bb3 Nde6 30. g3 Nc5 31. Bc2 a5 32. Nb3 Nxb3 33. Bxb3 Ne6
34. Nd5+ Bxd5 35. Bxd5 Nc5 36. b4 axb4 37. cxb4 Na6 38. a3 Nc7 39. Bc6 Ne6 40.
Kf2 Nd4 41. Bd5 h6 42. f4 f5 43. fxe5 dxe5 44. h4 Kd6 0-1

[Event "XXIII Miedzynarodowy Festiwal Szachowy C"]
[Site "Krakow, Hotel Galaxy  ul. Gesi"]
[Date "2013.01.04"]
[Round "9.36"]
[White "Kosztyla, Andrzej"]
[Black "Parol, Pola"]
[Result "1/2-1/2"]
[WhiteElo "1647"]
[BlackElo "1549"]
[PlyCount "87"]
[EventDate "2013.??.??"]

1. e4 d6 2. d4 Nf6 3. Nc3 g6 4. Nf3 Bg7 5. Bc4 Nxe4 6. Bxf7+ Kxf7 7. Nxe4 Rf8
8. c3 Kg8 9. h3 Nc6 10. O-O d5 11. Nc5 e5 12. dxe5 Nxe5 13. Nxe5 Bxe5 14. Be3
c6 15. Bd4 Bd6 16. Qd2 b6 17. Nd3 Qc7 18. Rfe1 Bf5 19. Be5 Bxd3 20. Bxd6 Qxd6
21. Qxd3 Rae8 22. Re3 Re6 23. Rxe6 Qxe6 24. Qe3 Qxe3 25. fxe3 Rf5 26. Rf1 Rxf1+
27. Kxf1 Kf7 28. Ke2 Ke6 29. b4 Ke5 30. Kd3 a6 31. a3 g5 32. a4 h6 33. Ke2 Ke4
34. Kd2 c5 35. a5 bxa5 36. bxa5 c4 37. Ke2 h5 38. Kd2 g4 39. hxg4 hxg4 40. Ke2
Kf5 41. Kf2 Ke4 42. Ke2 Ke5 43. Kf2 Ke4 44. Ke2 1/2-1/2

[Event "XXIII Miedzynarodowy Festiwal Szachowy C"]
[Site "Krakow, Hotel Galaxy  ul. Gesi"]
[Date "2013.01.04"]
[Round "9.37"]
[White "Mintenko, Heorhiy"]
[Black "Leczek, Weronika"]
[Result "1/2-1/2"]
[WhiteElo "2088"]
[BlackElo "1549"]
[PlyCount "55"]
[EventDate "2013.??.??"]

1. d4 d5 2. Nf3 Bg4 3. Ne5 Bf5 4. g3 Nd7 5. Bg2 e6 6. O-O Bd6 7. Nd3 Ngf6 8.
Bf4 Bxd3 9. Qxd3 Bxf4 10. gxf4 Nh5 11. Qf3 g6 12. Nc3 Nb6 13. b3 Qf6 14. e3 c6
15. a4 a5 16. Kh1 Ng7 17. Bh3 Nf5 18. Bxf5 Qxf5 19. Rac1 O-O 20. Rg1 Kh8 21.
Rg5 Qf6 22. Rcg1 Rg8 23. Qh3 Rg7 24. Ne2 Nd7 25. Qh6 Qe7 26. Ng3 f6 27. Rg4
Rag8 28. f3 1/2-1/2

[Event "XXIII Miedzynarodowy Festiwal Szachowy C"]
[Site "Krakow, Hotel Galaxy  ul. Gesi"]
[Date "2013.01.04"]
[Round "9.39"]
[White "Cebula, Alicja"]
[Black "Hodorowicz, Kamil"]
[Result "1/2-1/2"]
[WhiteElo "1590"]
[BlackElo "1841"]
[PlyCount "38"]
[EventDate "2013.??.??"]

1. e4 c6 2. d4 d5 3. e5 Bf5 4. Bd3 Bxd3 5. Qxd3 e6 6. Ne2 c5 7. c3 Nc6 8. Nd2
Qb6 9. a3 Nge7 10. f4 cxd4 11. cxd4 Nf5 12. Nf3 Be7 13. g3 Rc8 14. b4 a6 15.
O-O g6 16. Bb2 O-O 17. Kg2 h5 18. Rfc1 Kg7 19. Rab1 Na7 1/2-1/2

[Event "XXIII Miedzynarodowy Festiwal Szachowy C"]
[Site "Krakow, Hotel Galaxy  ul. Gesi"]
[Date "2013.01.04"]
[Round "9.43"]
[White "Kolodziej, Krzysztof"]
[Black "Madej, Roman"]
[Result "1/2-1/2"]
[WhiteElo "1657"]
[BlackElo "1609"]
[PlyCount "51"]
[EventDate "2013.??.??"]

1. e4 c6 2. d4 d5 3. exd5 cxd5 4. Nf3 Bg4 5. h3 Bh5 6. Be2 Nc6 7. O-O Nf6 8.
Bf4 Bxf3 9. Bxf3 Qb6 10. Nd2 Nxd4 11. c3 Nxf3+ 12. Nxf3 e6 13. Ne5 Bd6 14. Qa4+
Ke7 15. Rad1 Rhd8 16. Be3 Qc7 17. Nf3 Kf8 18. Bg5 Be7 19. Rfe1 Ne4 20. Bxe7+
Qxe7 21. Qd4 Rdc8 22. Re2 b6 23. Qe5 f6 24. Qh5 Kg8 25. Rd4 g6 26. Qh4 1/2-1/2

[Event "XXIII Miedzynarodowy Festiwal Szachowy C"]
[Site "Krakow, Hotel Galaxy  ul. Gesi"]
[Date "2013.01.04"]
[Round "9.44"]
[White "Domanski, Lukasz"]
[Black "Roneid, Heidi"]
[Result "1-0"]
[WhiteElo "1562"]
[BlackElo "1674"]
[PlyCount "57"]
[EventDate "2013.??.??"]

1. e4 c5 2. Nf3 d6 3. d4 cxd4 4. Nxd4 Nf6 5. Nc3 g6 6. f4 e5 7. Nf3 Nc6 8. Bd3
a6 9. O-O Bg7 10. Qe1 O-O 11. Qh4 Ng4 12. Qg3 Nb4 13. h3 Qb6+ 14. Kh1 Nf6 15.
Qh4 Nh5 16. fxe5 dxe5 17. Ng5 h6 18. Nf3 Bf6 19. Qe1 Kh7 20. Be3 Qc6 21. Nh2
Bg7 22. g4 Nf6 23. Qh4 Kg8 24. Bxh6 Bxh6 25. Qxh6 Nh7 26. g5 Be6 27. Ng4 Qd7
28. Nf6+ Nxf6 29. gxf6 1-0

[Event "XXIII Miedzynarodowy Festiwal Szachowy C"]
[Site "Krakow, Hotel Galaxy  ul. Gesi"]
[Date "2013.01.04"]
[Round "9.45"]
[White "Szado, Jerzy"]
[Black "Krzymionka, Karol"]
[Result "1-0"]
[WhiteElo "1554"]
[BlackElo "1629"]
[PlyCount "79"]
[EventDate "2013.??.??"]

1. d4 d5 2. c4 e6 3. Nc3 f5 4. Nf3 Nf6 5. Bg5 c6 6. Ne5 Nbd7 7. cxd5 exd5 8. e3
Bd6 9. f4 O-O 10. Bd3 Qb6 11. Qe2 Ne4 12. O-O Ndf6 13. Rac1 Qc7 14. Bxf6 Nxf6
15. Qc2 Ne8 16. g4 Bxe5 17. fxe5 Qe7 18. Bxf5 Bxf5 19. Rxf5 Rxf5 20. Qxf5 g6
21. Qf4 Ng7 22. Rf1 Rf8 23. Qxf8+ Qxf8 24. Rxf8+ Kxf8 25. Kf2 Ne6 26. h4 Ke7
27. g5 Ng7 28. e4 dxe4 29. Nxe4 Nf5 30. Nf6 Nxd4 31. Kg3 Nf5+ 32. Kg4 Ke6 33.
Nxh7 Kxe5 34. Nf8 Ne7 35. h5 gxh5+ 36. Kxh5 Kd4 37. Ne6+ Ke5 38. Nf8 Kd5 39. g6
Nxg6 40. Kxg6 1-0

[Event "XXIII Miedzynarodowy Festiwal Szachowy C"]
[Site "Krakow, Hotel Galaxy  ul. Gesi"]
[Date "2013.01.04"]
[Round "9.46"]
[White "Miszkielo, Bartosz"]
[Black "Dobrzanska, Joanna"]
[Result "1-0"]
[WhiteElo "1600"]
[BlackElo "1552"]
[PlyCount "127"]
[EventDate "2013.??.??"]

1. e4 c5 2. Nf3 Nc6 3. Bb5 g6 4. Bxc6 dxc6 5. h3 Bg7 6. Nc3 Nf6 7. O-O O-O 8.
d3 Qc7 9. Be3 b6 10. Qd2 Ba6 11. Rfe1 e5 12. Rad1 Rad8 13. Qc1 c4 14. d4 exd4
15. Bxd4 Rfe8 16. Bxf6 Bxf6 17. Rxd8 Rxd8 18. e5 Bg7 19. Qg5 h6 20. Qh4 b5 21.
Ne4 Bc8 22. Nf6+ Kf8 23. Ng5 hxg5 24. Qh7 Be6 25. Qg8+ Ke7 26. Qxg7 Qa5 27. Ra1
Qc7 28. Ne4 Rd5 29. Qf6+ Kd7 30. Nxg5 Qxe5 31. Qxe5 Rxe5 32. Rd1+ Ke7 33. Nf3
Rd5 34. Rxd5 cxd5 35. Nd4 a6 36. c3 Kd6 37. a3 Kc5 38. g4 a5 39. Nc2 Bd7 40. f4
f5 41. g5 Bc6 42. Kf2 Bd7 43. Ke3 Be8 44. Kd2 Bd7 45. h4 Be8 46. Nd4 Kd6 47.
Nf3 Ke7 48. Ke3 Ke6 49. Kd4 Kd6 50. Ne5 a4 51. Nf3 Bf7 52. Ne1 Be8 53. Nc2 Bd7
54. Nb4 Be6 55. Nc2 Bd7 56. Ne3 Be6 57. Nf1 Bd7 58. Ng3 Be8 59. h5 Bf7 60. h6
Bg8 61. Nf1 Bh7 62. Ne3 Bg8 63. Nxd5 Bh7 64. Nf6 1-0

[Event "XXIII Miedzynarodowy Festiwal Szachowy C"]
[Site "Krakow, Hotel Galaxy  ul. Gesi"]
[Date "2013.01.04"]
[Round "9.48"]
[White "Swiech, Joanna"]
[Black "Dyga, Ryszard"]
[Result "1-0"]
[WhiteElo "1501"]
[BlackElo "1595"]
[PlyCount "80"]
[EventDate "2013.??.??"]

1. d4 d5 2. c4 c6 3. Nc3 e6 4. Nf3 Nf6 5. Bg5 Nbd7 6. e3 Qa5 7. Bxf6 Nxf6 8. c5
b6 9. cxb6 axb6 10. Bd3 Bd6 11. O-O O-O 12. a3 c5 13. dxc5 bxc5 14. Rc1 c4 15.
Be2 Bd7 16. Bxc4 Bxa3 17. Ra1 dxc4 18. Rxa3 Qc7 19. Rxa8 Rxa8 20. Qc2 Bc6 21.
Nd4 Bb7 22. Rd1 Ng4 23. g3 e5 24. Nf5 Kf8 25. Nd6 Bf3 26. Rd2 Rd8 27. Nxc4 Rxd2
28. Nxd2 Bb7 29. Qxh7 Nf6 30. Qd3 Ke8 31. Nf1 Ke7 32. e4 Qc6 33. Nd2 Ba6 34.
Qe3 Bb7 35. f3 Qc8 36. Nb3 Kf8 37. Qc5+ Ke8 38. Qxe5+ Kf8 39. Qc5+ Ke8 40.
Qxc8+ Bxc8 1-0

[Event "XXIII Miedzynarodowy Festiwal Szachowy C"]
[Site "Krakow, Hotel Galaxy  ul. Gesi"]
[Date "2013.01.04"]
[Round "9.49"]
[White "Debowska, Michalina"]
[Black "Kreft, Wojciech"]
[Result "0-1"]
[WhiteElo "1435"]
[BlackElo "1585"]
[PlyCount "32"]
[EventDate "2013.??.??"]

1. Nf3 d6 2. c4 Nf6 3. Nc3 g6 4. d4 Bg7 5. g3 O-O 6. Bg2 Nbd7 7. O-O c5 8. e3
a6 9. Bd2 Qc7 10. b3 Rb8 11. Rc1 b5 12. cxb5 axb5 13. e4 Qb6 14. Re1 Bb7 15. e5
cxd4 16. Ne4 Nxe5 0-1

[Event "XXIII Miedzynarodowy Festiwal Szachowy C"]
[Site "Krakow, Hotel Galaxy  ul. Gesi"]
[Date "2013.01.04"]
[Round "9.51"]
[White "Ujma, Czeslaw"]
[Black "Dobrzanska, Magdalena"]
[Result "0-1"]
[WhiteElo "1510"]
[BlackElo "1457"]
[PlyCount "30"]
[EventDate "2013.??.??"]

1. e4 d5 2. exd5 Qxd5 3. Nc3 Qd6 4. d4 Nf6 5. Be2 Bf5 6. Bd3 Bxd3 7. Qxd3 e6 8.
Nge2 c5 9. Bf4 Qb6 10. O-O cxd4 11. Nxd4 Bc5 12. Be3 O-O 13. Na4 Qc7 14. Nxc5
Qxc5 15. Nf3 Qh5 0-1